| 000 | 00555nam a2200193 i 4500 | ||
|---|---|---|---|
| 001 | 78712 | ||
| 003 | ES-MaACL | ||
| 005 | 20240514182431.0 | ||
| 007 | t| | ||
| 008 | 041015s1970 sp ||||1| spa d | ||
| 100 | 1 |
_aHalpern, Bernard. _961619 |
|
| 245 | 1 | 3 |
_aLa alegría / _cBernard Halpern ; [traducción de Felipe Cid]. |
| 250 | _a[1ª ed.]. | ||
| 260 |
_a[Barcelona : _bOikos-Tau, _c1970] |
||
| 300 |
_a123 p. ; _c18 cm. |
||
| 700 | 1 |
_aCid, Felip, _d1930-2015 _938758 |
|
| 852 |
_aES-MaACL _jC-44403 _bR.74697 |
||
| 999 |
_c78712 _d78712 |
||